Dictionaire Agro-Alimentaire Dictionary of Food Science and Industry

Gorde:
Xehetasun bibliografikoak
Egile nagusia: J Adrian
Formatua: Liburua
Hizkuntza:Undetermined
Argitaratua: Paris Tec and Doc, Lavoisier 1990
Gaiak:
Etiketak: Etiketa erantsi
Etiketarik gabe, Izan zaitez lehena erregistro honi etiketa jartzen!
Thư viện lưu trữ: Trung tâm Học liệu Trường Đại học Cần Thơ
LEADER 00538nam a2200193Ia 4500
001 CTU_28099
008 210402s9999 xx 000 0 und d
082 |a 603 
082 |b A243 
100 |a J Adrian 
245 0 |a Dictionaire Agro-Alimentaire 
245 0 |b Dictionary of Food Science and Industry 
245 0 |c J Adrian 
260 |a Paris 
260 |b Tec and Doc, Lavoisier 
260 |c 1990 
650 |a food and industries - dictionary 
904 |i Sáng, 981007 
980 |a Trung tâm Học liệu Trường Đại học Cần Thơ